书目信息 |
| 题名: |
汽车材料
|
|
| 作者: | 曾虎 , 单之元 , 刘省波 主编 | |
| 分册: | ||
| 出版信息: | 北京 航空工业出版社 2017.08 |
|
| 页数: | 188页 | |
| 开本: | 29cm | |
| 丛书名: | ||
| 单 册: | ||
| 中图分类: | U465 | |
| 科图分类: | ||
| 主题词: | 汽车--工程材料--教材 | |
| 电子资源: | ||
| ISBN: | 978-7-5165-1267-8 | |
| 000 | 00939nam0 2200253 450 | |
| 001 | 5335 | |
| 005 | 20181024162634.53 | |
| 010 | @a978-7-5165-1267-8@dCNY39.80 | |
| 100 | @a20180217d2017 em y0chiy50 ea | |
| 101 | 0 | @achi |
| 102 | @aCN@b110000 | |
| 105 | @aa z 000yy | |
| 200 | 1 | @a汽车材料@9qi che cai liao@f曾虎,单之元,刘省波主编 |
| 210 | @a北京@c航空工业出版社@d2017.08 | |
| 215 | @a188页@c图@d29cm | |
| 300 | @a汽车专业精品教材 | |
| 330 | @a本书共分9个项目,主要内容包括金属材料的性能、金属材料的晶体结构、钢的热处理强化及表面改性、汽车常用黑色金属材料、汽车常用有色金属材料、汽车常用非金属材料、汽车零件的选材、汽车运行材料的选取和汽车美容材料的选取。 | |
| 606 | 0 | @a汽车@x工程材料@j教材 |
| 690 | @aU465@v5 | |
| 701 | 0 | @a曾虎@9zeng hu@c(汽车)@4主编 |
| 701 | 0 | @a单之元@9shan zhi yuan@c(职业教育)@4主编 |
| 701 | 0 | @a刘省波@9liu sheng bo@f(1981~)@4主编 |
| 801 | 0 | @aCN@b91MARC@c20180217 |
| 905 | @aMuseLib@dU465@e810 | |
| 汽车材料/曾虎,单之元,刘省波主编.-北京:航空工业出版社,2017.08 |
| 188页:图;29cm |
| 汽车专业精品教材 |
| ISBN 978-7-5165-1267-8:CNY39.80 |
| 本书共分9个项目,主要内容包括金属材料的性能、金属材料的晶体结构、钢的热处理强化及表面改性、汽车常用黑色金属材料、汽车常用有色金属材料、汽车常用非金属材料、汽车零件的选材、汽车运行材料的选取和汽车美容材料的选取。 |
| ● |
| 相关链接 |
|
|
|
|
正题名:汽车材料
索取号:U465/810
 
预约/预借
| 序号 | 登录号 | 条形码 | 馆藏地/架位号 | 状态 | 备注 |
| 1 | 1129200 | 211292000 | 第二样本阅览室/ [索取号:U465/810] | 在馆 | |
| 2 | 1129201 | 211292019 | 第三借阅区/ [索取号:U465/810] | 在馆 | |
| 3 | 1129202 | 211292028 | 第三借阅区/ [索取号:U465/810] | 在馆 | |
| 4 | 1129203 | 211292037 | 第三借阅区/ [索取号:U465/810] | 在馆 | |
| 5 | 1129204 | 211292046 | 密集书库-物理学院/ [索取号:U465/810] | 在馆 |